Bilder des 2. Weltkriegs (schwierig) - Statistiken

Allgemein
  • Dieses Quiz wurde 162 mal gespielt
  • Das Durchschnittsergebnis liegt bei 10 aus 30
Antwortstatistiken
Bildquiz Antwort % Korrekt
Eva Braun
74%
Erwin Rommel
71%
Geschwister Scholl
68%
Hiroshima nach Atombombenabwurf
64%
Claus Schenk Graf von Stauffenberg
59%
Little Boy
57%
Rudolf Hess
56%
Fat Man
49%
M4 Sherman
44%
Sir Bernard Montgomery
43%
Wannseekonferenz
40%
Douglas Mac Arthur
35%
Führerbunker
34%
Dünkirchen Evakuierung
31%
Zweite Schlacht von El Alamein
31%
Simon Häyhä
25%
Karabiner 98 + M24 Stielhandgranaten
24%
Schlacht um Midway
24%
Amon Göth
23%
P-51 Mustang
23%
Panzerschlacht um Kursk
22%
Alan Turing
20%
PPSh-41
19%
Konferenz von Teheran
16%
Luftangriffe auf Tokio
15%
Atlantikwall
14%
Schleswig-Holstein feuert auf Westerplatte
11%
Sender Gleiwitz
11%
Nanjing Massaker
10%
Jericho-Trompeten
8%
Keine übereinstimmenden Quizze gefunden
Verteilung der Resultate
Anzahl Personen mit jedem Resultat
Perzentil nach korrekt beantworteten Fragen
Ihre Resultats-Entwicklung
Sie haben dieses Quiz noch nicht gespielt